000 00736nam a2200241Ia 4500
003 OSt
005 20220923223720.0
006 a|||||r|||| 00| 0
007 ta
008 Pun
024 _a220,643
037 _cTextual
040 _aARTS
_cARTS
_bPun
041 _2Pun
_aPun
082 _a4xN36x, 153N2
100 _aਰਵੀ, ਰਵਿੰਦਰ, ਥਦ.
245 0 _aਪਰਵਾਸੀ ਪਤੱਰਕਾਰ ਤਾਰਾ ਸਿੰਘ ਹੇਅਰ
260 _aਦਿੱਲੀ
_b ਨਵੂਯੁਗ ਪਬਲੀFਰਗ਼
_c1992
300 _a503ਪੰ
_ccm.
650 _aਪਤਰਕਾਰਿਤਾ
942 _h4xN36x, 153N2
_cTEXL
_2CC
999 _c366939
_d366939